| 000 | 00700cam a2200193 a 4500 | ||
|---|---|---|---|
| 020 | _a0195171497 (pbk.) | ||
| 020 | _a9780195171495 (pbk.) | ||
| 082 | 0 | 4 |
_a658.15 _bNEW _cN-01, P-149 |
| 245 | 0 | 0 |
_aStudy guide for Engineering economic analysis, ninth edition, [by] Donald G. Newnan, Ted G. Eschenbach, Jerome P. Lavelle / _c[edited by] Donald G. Newnan, Ed Wheeler. |
| 250 | _a9th ed. | ||
| 260 |
_aNew York ; _aOxford: _bOxford University Press, _c2004. |
||
| 300 |
_avi, 250, [32] p. ; _c24 cm. |
||
| 526 |
_a0 _b0 _c0 _d658_150000000000000_NEW |
||
| 650 | 0 | _aEngineering economy | |
| 650 | 0 |
_aNUST _96342 |
|
| 700 | 1 |
_aNewnan, Donald G. _924913 |
|
| 700 | 1 |
_aWheeler, Ed _944606 |
|
| 942 |
_2ddc _cBK |
||
| 999 |
_c548352 _d548352 |
||